000 02359cam a22003134a 4500
999 _c21350
_d21350
001 13034832
003 OSt
005 20170121113746.0
008 021219s2003 ne a 100 0 eng
010 _a 2002044784
020 _a0444509445 (HB : alk. paper)
040 _aDLC
_cDLC
_dDLC
042 _apcc
050 0 0 _aNX180.S3A73 2003
082 0 0 _a700/.1/05
_221
100 _aCasti John
_d2003
245 0 0 _aArt and complexity /
_ceditors, John Casti, Anders Karlqvist.
250 _a1st ed.
260 _aAmsterdam
_aBoston :
_bElsevier,
_c2003.
300 _ax, 169 p. :
_bill. ;
_c25 cm.
505 8 _aMachine generated contents note: Preface --John Casti and Anders Karlqvist --Art and Science-Les Liaisons Dangereuses? -- John D. Barrow --Complexity and Aesthetics: Is Good Art "Complex" Art? -- John Casti --What Lies Between Order and Chaos? -- James P. Crutchfield --Regularities and Randomness: Evolving Schemata in Science -- and the Arts -- Murray Gell-Mann --Drawing, Knowledge, and Intuitive Thinking: Drawing as a Way to Understand and Solve Complex Problems -- Bobo Hjort --Nothing is Hidden -- Anders Karlqvist --Science and Art in Collaboration-The Mindship Method -- Tor Norretranders --Complexity and Emergence in the American Experimental Music Tradition -- Tim Perkis --Modeling Complexity for Interactive Art Works on the Internet -- Christa Sommerer and Laurent Mignonneau --Poetic Voice and the Complexity of Bird Song -- Marcia Southwick Fractal Expressionism-Where Art Meets Science -- Richard Taylor --A Depth-First Traversal of Thinking -- Gail Wight --Color Plates.
650 0 _aScience and the arts
_vCongresses.
650 0 _aComplexity (Philosophy) in art
_vCongresses.
700 1 _aCasti, J. L.
700 1 _aKarlqvist, Anders.
856 4 1 _3Table of contents only
_uhttp://www.loc.gov/catdir/toc/fy041/2002044784.html
856 4 2 _3Publisher description
_uhttp://www.loc.gov/catdir/enhancements/fy0613/2002044784-d.html
906 _a7
_bcbc
_corignew
_d1
_eocip
_f20
_gy-gencatlg
942 _2lcc
_cBOOKS
_hNX180.S3A73 2003
_i30485